000 00309nam a22001337a 4500
008 210226b ||||| |||| 00| 0 eng d
020 _a9781861007865
041 _aeng
080 _a004
100 _a28
101 _aSHKI
245 _aProfessional ASP.NET Web Forms Techniques
_cHomer,A
942 _2udc
_cBK
999 _c55286
_d55286